000 00804nam a2200217 a 4500
001 000022514
005 20250621074007.0
008 101012s1995 xxuc 000 0 spa d
040 _aDO-SdBNP
_bspa
_cBNPHU
082 _a324.6
_bJ55d
100 1 _aJerez, Pablo,
_d1949-
_946361
245 1 0 _aDías de incertidumbre /
_cPablo Jerez ; prólogo Bonaparte Gautreaux Piñeyro.
260 _aNew York :
_bPaloma,
_c1995.
300 _a168 p. :
_bretr. ;
_c23 cm.
500 _aIncluye datos biográficos del autor en la solapa de la contraportada
590 _aInventariado, 2019/MFF
650 4 _aElecciones
_zRepública Dominicana
_92992
651 0 _aRepública Dominicana
_xPolítica y gobierno
_945
700 1 2 _aGautreaux Piñeyro, Bonaparte,
_epról.
_928986
910 _aValidado. Control de calidad MFF
999 _c22012
_d22012